Brock biology of microorganisms

में बचाया:
ग्रंथसूची विवरण
मुख्य लेखक: Madigan, Michael T.
स्वरूप: पुस्तक
भाषा:Undetermined
प्रकाशित: Upper Saddle River, New Jersey Prentice-Hall 2000
विषय:
टैग : टैग जोड़ें
कोई टैग नहीं, इस रिकॉर्ड को टैग करने वाले पहले व्यक्ति बनें!
Thư viện lưu trữ: Trung tâm Học liệu Trường Đại học Cần Thơ
LEADER 00502nam a2200169Ia 4500
001 CTU_48973
008 210402s9999 xx 000 0 und d
082 |a 579 
082 |b M182 
100 |a Madigan, Michael T. 
245 0 |a Brock biology of microorganisms 
245 0 |c Michael T. Madigan, Jack Parker, John M. Martinko 
260 |a Upper Saddle River, New Jersey 
260 |b Prentice-Hall 
260 |c 2000 
650 |a Microbiology 
980 |a Trung tâm Học liệu Trường Đại học Cần Thơ